Inside the great white (Record no. 5533)
[ view plain ]
| 000 -LEADER | |
|---|---|
| fixed length control field | 00597nam a22002177a 4500 |
| 005 - DATE AND TIME OF LATEST TRANSACTION | |
| control field | 20250519132321.0 |
| 008 - FIXED-LENGTH DATA ELEMENTS--GENERAL INFORMATION | |
| fixed length control field | 250519b |||||||| |||| 00| 0 eng d |
| 040 ## - CATALOGING SOURCE | |
| Transcribing agency | DepED Dasmarinas City |
| 245 ## - TITLE STATEMENT | |
| Title | Inside the great white |
| 250 ## - EDITION | |
| Edition statement | April 2000 Vol. 197 No. 4 |
| 490 ## - SERIES STATEMENT | |
| SERIES STATEMENT | National Geographic |
| 520 ## - SUMMARY, ETC. | |
| Summary, etc. | Great White Sharks, Yemen, Chiquibul Cave, Update From the Field, San Pedro River, Nature's Rx, Duck-Billed Platypus |
| 650 ## - SUBJECT ADDED ENTRY--TOPICAL TERM | |
| General subdivision | SHARKS |
| 650 ## - SUBJECT ADDED ENTRY--TOPICAL TERM | |
| General subdivision | YEMEN |
| 650 ## - SUBJECT ADDED ENTRY--TOPICAL TERM | |
| General subdivision | CHIQUIBUL |
| 650 ## - SUBJECT ADDED ENTRY--TOPICAL TERM | |
| General subdivision | EXPLORATION |
| 650 ## - SUBJECT ADDED ENTRY--TOPICAL TERM | |
| General subdivision | RIVER |
| 650 ## - SUBJECT ADDED ENTRY--TOPICAL TERM | |
| General subdivision | NATURE |
| 650 ## - SUBJECT ADDED ENTRY--TOPICAL TERM | |
| General subdivision | PLATYPUS |
| 942 ## - ADDED ENTRY ELEMENTS (KOHA) | |
| Source of classification or shelving scheme | Dewey Decimal Classification |
| Koha item type | Continuing Resources |
| 999 ## - | |
| -- | 5533 |
| -- | 5533 |
| Homebranch | current branch | Barcode |
|---|---|---|
| DepED Dasmarinas City | DepED Dasmarinas City | DSMSR042000-051 |
